Japan of today (Record no. 222580)
[ view plain ]
| 000 -LEADER | |
|---|---|
| fixed length control field | 00755nam a22002417a 4500 |
| 005 - DATE AND TIME OF LATEST TRANSACTION | |
| control field | 20220423113224.0 |
| 008 - FIXED-LENGTH DATA ELEMENTS--GENERAL INFORMATION | |
| fixed length control field | 220423b ||||| |||| 00| 0 eng d |
| 040 ## - CATALOGING SOURCE | |
| Transcribing agency | Aloy |
| 041 ## - LANGUAGE CODE | |
| Language code of text/sound track or separate title | eng |
| 082 ## - DEWEY DECIMAL CLASSIFICATION NUMBER | |
| Edition number | 23 |
| Classification number | 952 |
| Item number | INTJ |
| 100 ## - MAIN ENTRY--PERSONAL NAME | |
| Personal name | International Society for Educational Information |
| 100 ## - MAIN ENTRY--PERSONAL NAME | |
| 9 (RLIN) | 31307 |
| 245 ## - TITLE STATEMENT | |
| Title | Japan of today |
| 250 ## - EDITION STATEMENT | |
| Edition statement | 3rd ed |
| 260 ## - PUBLICATION, DISTRIBUTION, ETC. | |
| Place of publication, distribution, etc. | Japan |
| Name of publisher, distributor, etc. | International Society for Educational Information Inc. |
| Date of publication, distribution, etc. | 1996 |
| 300 ## - PHYSICAL DESCRIPTION | |
| Extent | vii,157 p. |
| Other physical details | PB |
| Dimensions | 22x15 cm |
| 650 ## - SUBJECT ADDED ENTRY--TOPICAL TERM | |
| Topical term or geographic name entry element | History of Japan |
| 9 (RLIN) | 31299 |
| 650 ## - SUBJECT ADDED ENTRY--TOPICAL TERM | |
| Topical term or geographic name entry element | Government and Diplomacy |
| 9 (RLIN) | 31300 |
| 650 ## - SUBJECT ADDED ENTRY--TOPICAL TERM | |
| Topical term or geographic name entry element | Economy |
| 9 (RLIN) | 31301 |
| 650 ## - SUBJECT ADDED ENTRY--TOPICAL TERM | |
| Topical term or geographic name entry element | Culture |
| 9 (RLIN) | 31302 |
| 650 ## - SUBJECT ADDED ENTRY--TOPICAL TERM | |
| Topical term or geographic name entry element | Science and Technology |
| 9 (RLIN) | 31303 |
| 700 ## - ADDED ENTRY--PERSONAL NAME | |
| Personal name | INTERNATIONAL SOCIETY FOR EDUCATIONAL INFORMATION |
| 9 (RLIN) | 31304 |
| 942 ## - ADDED ENTRY ELEMENTS (KOHA) | |
| Source of classification or shelving scheme | Dewey Decimal Classification |
| Koha item type | George Fernandes Collections |
| Withdrawn status | Lost status | Source of classification or shelving scheme | Damaged status | Not for loan | Collection code | Home library | Current library | Date acquired | Total Checkouts | Full call number | Barcode | Date last seen | Price effective from | Koha item type |
|---|---|---|---|---|---|---|---|---|---|---|---|---|---|---|
| Dewey Decimal Classification | History | St Aloysius Library | St Aloysius Library | 03/24/2013 | 952 INTJ | GF03153 | 04/23/2022 | 04/23/2022 | George Fernandes Collections |